30 cidades mais populosas da China - Statistics

Estatísticas Gerais
  • Esse quiz foi jogado 21 vezes
  • A pontuação média é 11 de 30
Estatísticas das Respostas
# População Letra Cidade % Correto
2 18.960.744 P Pequim
100%
1 21.909.814 X Xangai
100%
4 16.096.724 G Guangzhou
81%
3 17.444.609 S Shenzhen
75%
7 10.494.879 W Wuhan
75%
6 11.052.404 T Tianjin
69%
5 13.568.357 C Chengdu
56%
9 9.580.819 C Chongqing
50%
13 7.519.814 N Nanquim
38%
10 9.392.938 X Xian
38%
19 5.630.256 C Changsha
31%
24 4.913.879 D Dalian
31%
11 9.236.032 H Hangzhou
31%
21 5.242.897 H Harbin
31%
25 4.617.251 X Xiamen
31%
26 4.582.703 N Nanning
25%
15 6.461.013 Z Zhengzhou
25%
8 9.644.871 D Dongguan
19%
18 5.648.162 J Jinan
19%
20 5.273.144 K Kunming
19%
16 6.165.279 Q Qingdao
19%
14 7.026.358 S Shenyang
19%
17 5.892.892 S Suzhou
19%
27 4.557.356 C Changchun
13%
12 9.042.509 F Foshan
13%
23 5.055.978 H Hefei
13%
22 5.090.440 S Shijiazhuang
13%
29 4.021.275 G Guiyang
6%
28 4.303.673 T Taiyuan
6%
30 3.956.985 W Wuxi
6%
Nenhum quiz correspondente encontrado
Distribuição das Pontuações
Porcentagem de Pessoas com Cada Pontuação
Percentil de Números Respondidos
Sua Pontuação Histórica
Você não jogou esse quiz